书目信息 |
| 题名: |
思想教育教程
|
|
| 作者: | 陈建甫 主编 | |
| 分册: | ||
| 出版信息: | 开封 河南大学出版社 1988.7 |
|
| 页数: | 261页 | |
| 开本: | 21cm | |
| 丛书名: | ||
| 单 册: | ||
| 中图分类: | G651 , G41 | |
| 科图分类: | ||
| 主题词: | 思想政治教育--学校教育 , 德育--学校教育 | |
| 电子资源: | ||
| ISBN: | 7-81018-130-0 | |
| 000 | 00745nam0 2200265 45 | |
| 001 | 0189013600 | |
| 005 | 20041230172136.5 | |
| 010 | @a7-81018-130-0@dCNY2.20 | |
| 020 | @aCN@b89013600 | |
| 100 | @a19910304d1988 m y0chiy0120 ea | |
| 101 | 0 | @achi |
| 102 | @aCN@b410000 | |
| 105 | @ay j 000yy | |
| 200 | 10 | @a思想教育教程@Asi xiang jiao yu jiao cheng@f陈建甫等主编@Fchen jian fu deng zhu bian |
| 210 | @a开封@c河南大学出版社@d1988.7 | |
| 215 | @a261页@d21cm | |
| 300 | @a师范专科学校教材 | |
| 540 | 1 | @a思想 教育@Asi xiang jiao yu |
| 606 | 0 | @a思想政治教育--学校教育 |
| 606 | 0 | @a德育--学校教育 |
| 690 | @aG651@v1980 | |
| 690 | @aG41@v3 | |
| 701 | 0 | @a陈建甫@4主编 |
| 801 | 0 | @aCN@bNLC@c19910304 |
| 905 | @dG41@e8@f1@b216001 | |
| 思想教育教程/陈建甫等主编.-开封:河南大学出版社,1988.7 |
| 261页;21cm |
| 师范专科学校教材 |
| ISBN 7-81018-130-0:CNY2.20 |
| ● |
| 相关链接 |
|
|
|
|
正题名:思想教育教程
索取号:G41/8
 
预约/预借
| 序号 | 登录号 | 条形码 | 馆藏地/架位号 | 状态 | 备注 |
| 1 | 0216001 | 000268953 | 密集书库/ [索取号:G41/8] | 在馆 | |
| 2 | 0216003 | 000268962 | 密集书库/ [索取号:G41/8] | 在馆 | |
| 3 | 0216004 | 000268944 | 密集书库/ [索取号:G41/8] | 在馆 | |
| 4 | 0216005 | 002063313 | 第一样本阅览室/ [索取号:G41/8] | 在馆 |